Lịch sử lập hiến Việt Nam
Sách có hai phần. Phần A nói về sự ra đời và phát triển của nền lập hiến Việt Nam: 1) Tư tưởng lập hiến ở Việt Nam trước Cách mạng tháng Tám năm 1945. 2) Hoàn cảnh ra đời và nội dung cơ bản của Hiến pháp 1946. 3) Hoàn cảnh ra đời và nọ...
Bewaard in:
| Hoofdauteur: | |
|---|---|
| Formaat: | Boek |
| Taal: | Undetermined |
| Gepubliceerd in: |
Hà Nội
Chính trị quốc gia
1997
|
| Onderwerpen: | |
| Tags: |
Voeg label toe
Geen labels, Wees de eerste die dit record labelt!
|
| Thư viện lưu trữ: | Trung tâm Học liệu Trường Đại học Cần Thơ |
|---|
| LEADER | 01360nam a2200205Ia 4500 | ||
|---|---|---|---|
| 001 | CTU_20329 | ||
| 008 | 210402s9999 xx 000 0 und d | ||
| 020 | |b 18.500đ | ||
| 082 | |a 342.597 | ||
| 082 | |b Th116 | ||
| 100 | |a Thái Vĩnh Thắng | ||
| 245 | 0 | |a Lịch sử lập hiến Việt Nam | |
| 245 | 0 | |c Thái Vĩnh Thắng | |
| 260 | |a Hà Nội | ||
| 260 | |b Chính trị quốc gia | ||
| 260 | |c 1997 | ||
| 520 | |a Sách có hai phần. Phần A nói về sự ra đời và phát triển của nền lập hiến Việt Nam: 1) Tư tưởng lập hiến ở Việt Nam trước Cách mạng tháng Tám năm 1945. 2) Hoàn cảnh ra đời và nội dung cơ bản của Hiến pháp 1946. 3) Hoàn cảnh ra đời và nội dung cơ bản của Hiến pháp 1959. 4) Hoàn cảnh ra đời và nội dung cơ bản của Hiến pháp 1980. 5) Hoàn cảnh ra đời và nội dung cơ bản của Hiến pháp 1992. Phần B giới thiệu toàn văn bản bốn bản Hiến pháp đẻ tra cứu và so sánh tiến trình lập hiến Việt Nam | ||
| 650 | |a constitutional history,constitutions, state - vietnam,socialism | ||
| 904 | |i Minh, 971217 | ||
| 980 | |a Trung tâm Học liệu Trường Đại học Cần Thơ | ||